Prime Ministers of The Faroe Islands by Picture - Statistics

General Stats
  • This quiz has been taken 23 times
  • The average score is 9 of 14
Answer Stats
Picture Hint Answer % Correct
2015-2019 | 2022-Present Aksel V. Johannesen
94%
2019-2022 Bárður á Steig Nielsen
94%
2008-2015 Kaj Leo Johannesen
88%
1993-1994 Marita Petersen
75%
1994-1998 Edmund Joensen
69%
1970-1981 | 1985-1989 | 1991-1993 Atli Dam
63%
2004-2008 Jóannes Eidesgaard
56%
1959-1963 | 1967-1968 Peter Mohr Dam
56%
1998-2004 Anfinn Kallsberg
50%
1963-1967 Hákun Djurhuus
50%
1989-1991 Jógvan Sundstein
50%
1948-1950 Andrass Samuelsen
44%
1981-1985 Pauli Ellefsen
44%
1950-1959 | 1968-1970 Kristian Djurhuus
38%
No matching quizzes found
Score Distribution
Percent of People with Each Score
Percentile by Number Answered
Your Score History
You have not taken this quiz